[Event "Russian Championship (Rapid, Men)"]
[Site "Sochi"]
[Date "2018.10.06"]
[Round "6.9"]
[White "Bocharov, Dmitry"]
[Black "Sakaev, Konstantin"]
[Result "0-1"]
[BlackElo "2654"]
[WhiteElo "2568"]
[LiveChessVersion "1.4.8"]

1. c4 {[%clk 0:15:13]} e6 {[%clk 0:15:16]} 2. Nf3 {[%clk 0:15:16]} d5
{[%clk 0:15:12]} 3. e3 {[%clk 0:15:16]} Nf6 {[%clk 0:15:18]} 4. Nc3
{[%clk 0:15:23]} c5 {[%clk 0:14:26]} 5. b3 {[%clk 0:14:39]} d4 {[%clk 0:14:04]}
6. Na4 {[%clk 0:13:31]} Nc6 {[%clk 0:14:04]} 7. Ba3 {[%clk 0:12:03]} b6
{[%clk 0:13:53]} 8. exd4 {[%clk 0:10:00]} Nxd4 {[%clk 0:13:58]} 9. Nxd4
{[%clk 0:10:08]} Qxd4 {[%clk 0:14:05]} 10. Be2 {[%clk 0:10:10]} Bb7
{[%clk 0:13:59]} 11. O-O {[%clk 0:07:58]} Rd8 {[%clk 0:13:56]} 12. Bf3
{[%clk 0:07:13]} Bxf3 {[%clk 0:13:57]} 13. Qxf3 {[%clk 0:07:21]} Be7
{[%clk 0:14:01]} 14. Rad1 {[%clk 0:05:08]} O-O {[%clk 0:13:52]} 15. d3
{[%clk 0:05:10]} Rd7 {[%clk 0:12:37]} 16. h3 {[%clk 0:04:31]} Rfd8
{[%clk 0:12:35]} 17. Rfe1 {[%clk 0:04:09]} Qh4 {[%clk 0:12:07]} 18. Nc3
{[%clk 0:04:01]} Qh5 {[%clk 0:11:46]} 19. Re3 {[%clk 0:01:38]} Qxf3
{[%clk 0:08:42]} 20. Rxf3 {[%clk 0:01:47]} Bd6 {[%clk 0:06:04]} 21. Kf1
{[%clk 0:01:38]} Be5 {[%clk 0:06:00]} 22. Ne2 {[%clk 0:01:28]} Bb8
{[%clk 0:05:51]} 23. Nc3 {[%clk 0:01:14]} Be5 {[%clk 0:04:15]} 24. Ne2
{[%clk 0:01:22]} Ne8 {[%clk 0:04:17]} 25. Re3 {[%clk 0:01:02]} Bf6
{[%clk 0:04:25]} 26. g4 {[%clk 0:00:54]} Nd6 {[%clk 0:04:02]} 27. Rb1
{[%clk 0:00:38]} Nb7 {[%clk 0:04:08]} 28. Rd1 {[%clk 0:00:22]} Na5
{[%clk 0:04:16]} 29. Ke1 {[%clk 0:00:12]} Nc6 {[%clk 0:04:15]} 30. Kd2
{[%clk 0:00:17]} a5 {[%clk 0:03:12]} 31. Kc2 {[%clk 0:00:21]} g5 {[%clk 0:02:15]}
32. Kb1 {[%clk 0:00:20]} h6 {[%clk 0:02:19]} 33. Bb2 {[%clk 0:00:22]} Bxb2
{[%clk 0:01:31]} 34. Kxb2 {[%clk 0:00:31]} Nb4 {[%clk 0:01:40]} 35. Nc1
{[%clk 0:00:33]} Kg7 {[%clk 0:01:49]} 36. a3 {[%clk 0:00:39]} Nc6
{[%clk 0:01:57]} 37. Ne2 {[%clk 0:00:43]} Nd4 {[%clk 0:01:52]} 38. Nxd4
{[%clk 0:00:50]} Rxd4 {[%clk 0:02:00]} 39. Kc3 {[%clk 0:00:45]} h5
{[%clk 0:01:39]} 40. f3 {[%clk 0:00:40]} Kf6 {[%clk 0:01:12]} 41. Rb1
{[%clk 0:00:47]} Ra8 {[%clk 0:00:48]} 42. Rb2 {[%clk 0:00:36]} h4
{[%clk 0:00:53]} 43. Rf2 {[%clk 0:00:30]} Rb8 {[%clk 0:00:32]} 44. Re4
{[%clk 0:00:20]} Rbd8 {[%clk 0:00:30]} 45. Re3 {[%clk 0:00:27]} Ke7
{[%clk 0:00:36]} 46. Rb2 {[%clk 0:00:34]} Ra8 {[%clk 0:00:44]} 47. Re4
{[%clk 0:00:34]} Rad8 {[%clk 0:00:34]} 48. Re3 {[%clk 0:00:36]} Rf4
{[%clk 0:00:33]} 49. Ra2 {[%clk 0:00:36]} Rb8 {[%clk 0:00:28]} 50. b4
{[%clk 0:00:20]} axb4+ {[%clk 0:00:30]} 51. axb4 {[%clk 0:00:29]} cxb4+
{[%clk 0:00:39]} 52. Kxb4 {[%clk 0:00:37]} b5 {[%clk 0:00:49]} 53. Kc3
{[%clk 0:00:36]} bxc4 {[%clk 0:00:57]} 54. dxc4 {[%clk 0:00:45]} Rb1
{[%clk 0:01:05]} 55. Rc2 {[%clk 0:00:35]} Rf1 {[%clk 0:00:50]} 56. c5
{[%clk 0:00:38]} R1xf3 {[%clk 0:00:37]} 57. Kd3 {[%clk 0:00:45]} Rxe3+
{[%clk 0:00:18]} 58. Kxe3 {[%clk 0:00:54]} Kd7 {[%clk 0:00:28]} 59. c6+
{[%clk 0:01:01]} Kc7 {[%clk 0:00:37]} 60. Rc5 {[%clk 0:01:01]} f6
{[%clk 0:00:46]} 61. Rc1 {[%clk 0:01:10]} e5 {[%clk 0:00:25]} 62. Rc3
{[%clk 0:01:09]} Rd4 {[%clk 0:00:28]} 63. Ra3 {[%clk 0:01:17]} Rc4
{[%clk 0:00:19]} 64. Ra7+ {[%clk 0:01:22]} Kd6 {[%clk 0:00:14]} 65. Kd3
{[%clk 0:00:21]} Rxc6 {[%clk 0:00:21]} 66. Ra8 {[%clk 0:00:14]} Kd5
{[%clk 0:00:18]} 67. Rf8 {[%clk 0:00:18]} Ra6 {[%clk 0:00:25]} 68. Rd8+
{[%clk 0:00:26]} Ke6 {[%clk 0:00:30]} 69. Kd4 0-1

[Event "Russian Championship (Rapid, Men)"]
[Site "Sochi"]
[Date "2018.10.06"]
[Round "6.10"]
[White "Khanin, Semen"]
[Black "Lysyj, Igor"]
[Result "1-0"]
[BlackElo "2644"]
[WhiteElo "2523"]
[LiveChessVersion "1.4.8"]

1. e4 {[%clk 0:15:18]} e5 {[%clk 0:15:19]} 2. Nf3 {[%clk 0:15:26]} Nc6
{[%clk 0:15:27]} 3. Bc4 {[%clk 0:15:34]} Bc5 {[%clk 0:15:36]} 4. O-O
{[%clk 0:15:41]} Nf6 {[%clk 0:15:43]} 5. d3 {[%clk 0:15:49]} d6 {[%clk 0:15:41]}
6. c3 {[%clk 0:15:57]} a6 {[%clk 0:15:49]} 7. Bb3 {[%clk 0:16:04]} Ba7
{[%clk 0:15:55]} 8. h3 {[%clk 0:16:12]} O-O {[%clk 0:16:01]} 9. Re1
{[%clk 0:16:21]} Be6 {[%clk 0:16:10]} 10. Bc2 {[%clk 0:16:30]} d5
{[%clk 0:16:14]} 11. exd5 {[%clk 0:16:37]} Nxd5 {[%clk 0:16:21]} 12. Nbd2
{[%clk 0:16:46]} Re8 {[%clk 0:16:30]} 13. Ne4 {[%clk 0:16:32]} f6
{[%clk 0:16:30]} 14. Bd2 {[%clk 0:15:35]} Qd7 {[%clk 0:16:35]} 15. b4
{[%clk 0:15:20]} Nde7 {[%clk 0:15:21]} 16. Be3 {[%clk 0:14:58]} Bxe3
{[%clk 0:15:06]} 17. fxe3 {[%clk 0:14:55]} b6 {[%clk 0:14:31]} 18. d4
{[%clk 0:14:44]} exd4 {[%clk 0:12:42]} 19. exd4 {[%clk 0:14:49]} Ng6
{[%clk 0:11:55]} 20. Qd2 {[%clk 0:13:48]} Bc4 {[%clk 0:10:57]} 21. Rad1
{[%clk 0:10:22]} Nce7 {[%clk 0:08:43]} 22. d5 {[%clk 0:08:36]} Qxd5
{[%clk 0:08:04]} 23. Qf2 {[%clk 0:07:27]} Qb7 {[%clk 0:06:29]} 24. Qg3
{[%clk 0:06:55]} Qc8 {[%clk 0:01:03]} 25. h4 {[%clk 0:06:50]} Kh8
{[%clk 0:01:08]} 26. h5 {[%clk 0:06:56]} Nf8 {[%clk 0:01:09]} 27. h6
{[%clk 0:06:57]} Neg6 {[%clk 0:00:58]} 28. hxg7+ {[%clk 0:06:22]} Kxg7
{[%clk 0:01:06]} 29. Nd4 {[%clk 0:05:21]} Bd5 {[%clk 0:00:32]} 30. Nxf6
{[%clk 0:04:59]} Rxe1+ {[%clk 0:00:39]} 31. Rxe1 {[%clk 0:05:07]} Kxf6
{[%clk 0:00:48]} 32. Qf2+ {[%clk 0:04:59]} Kg7 {[%clk 0:00:49]} 33. Nf5+
{[%clk 0:05:08]} Kg8 {[%clk 0:00:58]} 34. Qd4 {[%clk 0:05:17]} 1-0

[Event "Russian Championship (Rapid, Men)"]
[Site "Sochi"]
[Date "2018.10.06"]
[Round "6.12"]
[White "Apryshko, Gleb"]
[Black "Paravyan, David"]
[Result "0-1"]
[BlackElo "2630"]
[WhiteElo "2369"]
[LiveChessVersion "1.4.8"]

1. e4 {[%clk 0:13:46]} c5 {[%clk 0:15:10]} 2. Nf3 {[%clk 0:13:54]} d6
{[%clk 0:15:19]} 3. Bb5+ {[%clk 0:13:59]} Nd7 {[%clk 0:15:28]} 4. d4
{[%clk 0:14:08]} cxd4 {[%clk 0:15:37]} 5. Qxd4 {[%clk 0:14:18]} a6
{[%clk 0:15:46]} 6. Bxd7+ {[%clk 0:14:27]} Qxd7 {[%clk 0:15:55]} 7. Bg5
{[%clk 0:14:28]} h6 {[%clk 0:15:39]} 8. Bh4 {[%clk 0:14:11]} Nf6 {[%clk 0:14:25]}
9. Nc3 {[%clk 0:11:48]} g5 {[%clk 0:14:03]} 10. Bg3 {[%clk 0:11:19]} Bg7
{[%clk 0:13:48]} 11. Nd5 {[%clk 0:10:20]} O-O {[%clk 0:13:55]} 12. Nb6
{[%clk 0:10:09]} Qc6 {[%clk 0:11:47]} 13. e5 {[%clk 0:07:48]} dxe5
{[%clk 0:11:07]} 14. Nxe5 {[%clk 0:07:28]} Qxg2 {[%clk 0:11:05]} 15. O-O-O
{[%clk 0:07:36]} Bf5 {[%clk 0:10:46]} 16. Rhg1 {[%clk 0:06:16]} Qe4
{[%clk 0:10:42]} 17. Qxe4 {[%clk 0:06:24]} Nxe4 {[%clk 0:10:51]} 18. Nxa8
{[%clk 0:06:33]} Rxa8 {[%clk 0:10:38]} 19. Nc4 {[%clk 0:05:42]} Rc8
{[%clk 0:08:50]} 20. Nb6 {[%clk 0:05:30]} Rc6 {[%clk 0:07:31]} 21. Nd5
{[%clk 0:05:38]} Nxg3 {[%clk 0:07:12]} 22. Nxe7+ {[%clk 0:05:39]} Kh7
{[%clk 0:07:22]} 23. Nxc6 {[%clk 0:04:49]} Ne2+ {[%clk 0:07:30]} 24. Kd2
{[%clk 0:00:35]} Nxg1 {[%clk 0:07:38]} 25. Ne7 {[%clk 0:00:21]} Nf3+
{[%clk 0:06:13]} 26. Ke3 {[%clk 0:00:29]} Bxc2 {[%clk 0:06:15]} 27. Rd7
{[%clk 0:00:25]} Nxh2 {[%clk 0:06:05]} 28. f3 {[%clk 0:00:12]} b5
{[%clk 0:05:37]} 29. Nc6 {[%clk 0:00:13]} Bg6 {[%clk 0:05:36]} 30. b4
{[%clk 0:00:17]} h5 {[%clk 0:05:25]} 31. Nd8 {[%clk 0:00:23]} Kg8
{[%clk 0:05:19]} 32. Nc6 {[%clk 0:00:32]} Kh7 {[%clk 0:04:41]} 33. Nd8
{[%clk 0:00:39]} g4 {[%clk 0:04:43]} 34. fxg4 {[%clk 0:00:29]} Nxg4+
{[%clk 0:04:52]} 35. Kf4 {[%clk 0:00:32]} Ne5 {[%clk 0:04:59]} 36. Ra7
{[%clk 0:00:35]} Nd3+ {[%clk 0:04:53]} 37. Kf3 {[%clk 0:00:31]} Nxb4
{[%clk 0:04:55]} 38. a3 {[%clk 0:00:34]} Nd3 {[%clk 0:04:13]} 39. Rxa6
{[%clk 0:00:42]} b4 {[%clk 0:03:40]} 40. axb4 {[%clk 0:00:43]} Nxb4
{[%clk 0:03:48]} 41. Ra7 {[%clk 0:00:52]} Nd3 {[%clk 0:03:54]} 42. Kg3
{[%clk 0:00:18]} Ne5 {[%clk 0:04:00]} 43. Nb7 {[%clk 0:00:22]} Kh6
{[%clk 0:03:46]} 44. Nc5 {[%clk 0:00:16]} Bf6 {[%clk 0:03:37]} 45. Ra6
{[%clk 0:00:14]} Be7 {[%clk 0:03:32]} 46. Ne4 {[%clk 0:00:19]} Kg7
{[%clk 0:03:28]} 47. Nf2 {[%clk 0:00:22]} Bg5 {[%clk 0:03:34]} 48. Ra5
{[%clk 0:00:14]} h4+ {[%clk 0:03:39]} 49. Kh3 {[%clk 0:00:13]} Bf6
{[%clk 0:03:48]} 50. Ra4 {[%clk 0:00:11]} Bf5+ {[%clk 0:03:56]} 51. Kh2
{[%clk 0:00:19]} Kg6 {[%clk 0:04:01]} 52. Nh3 {[%clk 0:00:21]} Nf3+
{[%clk 0:03:37]} 53. Kg2 {[%clk 0:00:31]} Ne1+ {[%clk 0:03:46]} 54. Kf2
{[%clk 0:00:11]} Bxh3 {[%clk 0:03:51]} 55. Kxe1 {[%clk 0:00:20]} Be6
{[%clk 0:03:56]} 56. Kf2 {[%clk 0:00:20]} Kg5 {[%clk 0:03:49]} 57. Ra5+
{[%clk 0:00:20]} Bf5 {[%clk 0:03:42]} 58. Kg2 {[%clk 0:00:17]} Bd4
{[%clk 0:03:43]} 59. Rd5 {[%clk 0:00:19]} Be3 {[%clk 0:03:29]} 60. Re5
{[%clk 0:00:14]} Bf4 {[%clk 0:03:37]} 61. Re8 {[%clk 0:00:23]} h3+
{[%clk 0:03:35]} 62. Kh1 {[%clk 0:00:18]} Bg4 {[%clk 0:03:22]} 63. Rg8+
{[%clk 0:00:14]} Kf5 {[%clk 0:03:31]} 64. Kg1 {[%clk 0:00:17]} h2+
{[%clk 0:03:38]} 65. Kg2 {[%clk 0:00:21]} Bf3+ {[%clk 0:03:41]} 66. Kf2
{[%clk 0:00:30]} Ke5 {[%clk 0:02:59]} 0-1

[Event "Russian Championship (Rapid, Men)"]
[Site "Sochi"]
[Date "2018.10.06"]
[Round "6.13"]
[White "Demchenko, Anton"]
[Black "Triapishko, Alexandr"]
[Result "1/2-1/2"]
[BlackElo "2493"]
[WhiteElo "2620"]
[LiveChessVersion "1.4.8"]

1. d4 {[%clk 0:15:18]} d5 {[%clk 0:14:18]} 2. Bf4 {[%clk 0:15:22]} c5
{[%clk 0:14:08]} 3. e3 {[%clk 0:15:31]} Nc6 {[%clk 0:14:08]} 4. Nf3
{[%clk 0:15:20]} cxd4 {[%clk 0:13:14]} 5. exd4 {[%clk 0:15:24]} Nf6
{[%clk 0:11:54]} 6. c3 {[%clk 0:15:19]} a6 {[%clk 0:10:48]} 7. Nbd2
{[%clk 0:14:18]} Bg4 {[%clk 0:08:11]} 8. h3 {[%clk 0:13:10]} Bh5 {[%clk 0:07:37]}
9. Bd3 {[%clk 0:13:01]} e6 {[%clk 0:07:37]} 10. O-O {[%clk 0:12:01]} Bd6
{[%clk 0:07:26]} 11. Bxd6 {[%clk 0:11:52]} Qxd6 {[%clk 0:07:34]} 12. Re1
{[%clk 0:11:49]} O-O {[%clk 0:05:32]} 13. Qb1 {[%clk 0:11:38]} Bxf3
{[%clk 0:03:11]} 14. Nxf3 {[%clk 0:11:46]} g6 {[%clk 0:03:09]} 15. Qc1
{[%clk 0:11:10]} Kg7 {[%clk 0:03:08]} 16. Ne5 {[%clk 0:11:07]} Qc7
{[%clk 0:02:37]} 17. Qf4 {[%clk 0:10:40]} Rac8 {[%clk 0:01:46]} 18. Re3
{[%clk 0:10:14]} Nd7 {[%clk 0:01:44]} 19. Qg3 {[%clk 0:09:16]} Ndxe5
{[%clk 0:01:34]} 20. dxe5 {[%clk 0:09:25]} Rfd8 {[%clk 0:01:30]} 21. Ree1
{[%clk 0:06:02]} d4 {[%clk 0:00:59]} 22. c4 {[%clk 0:06:09]} Nb4 {[%clk 0:00:58]}
23. b3 {[%clk 0:06:16]} b5 {[%clk 0:00:36]} 24. cxb5 {[%clk 0:05:46]} axb5
{[%clk 0:00:44]} 25. Red1 {[%clk 0:04:55]} Nxd3 {[%clk 0:00:29]} 26. Rxd3
{[%clk 0:05:01]} Qc2 {[%clk 0:00:17]} 27. Rad1 {[%clk 0:04:25]} Qxa2
{[%clk 0:00:17]} 28. Qf4 {[%clk 0:04:10]} Qe2 {[%clk 0:00:16]} 29. R1d2
{[%clk 0:03:39]} Qe1+ {[%clk 0:00:17]} 30. Kh2 {[%clk 0:03:48]} Rd5
{[%clk 0:00:20]} 31. Qf6+ {[%clk 0:02:42]} Kg8 {[%clk 0:00:29]} 32. f4
{[%clk 0:02:51]} Qe4 {[%clk 0:00:23]} 33. Rf3 {[%clk 0:02:18]} Qf5
{[%clk 0:00:20]} 34. Qe7 {[%clk 0:02:16]} d3 {[%clk 0:00:17]} 35. Qb4
{[%clk 0:02:15]} h5 {[%clk 0:00:15]} 36. Rg3 {[%clk 0:02:09]} Rcd8
{[%clk 0:00:12]} 37. Rg5 {[%clk 0:01:40]} Rd4 {[%clk 0:00:21]} 38. Qxd4
{[%clk 0:01:49]} Rxd4 {[%clk 0:00:25]} 39. Rxf5 {[%clk 0:01:58]} gxf5
{[%clk 0:00:27]} 40. Kg3 {[%clk 0:02:07]} h4+ {[%clk 0:00:19]} 41. Kf3
{[%clk 0:02:12]} Kg7 {[%clk 0:00:20]} 42. Ke3 {[%clk 0:02:21]} Re4+
{[%clk 0:00:30]} 43. Kf3 {[%clk 0:02:30]} Rd4 {[%clk 0:00:23]} 44. Ke3
{[%clk 0:02:38]} Re4+ {[%clk 0:00:25]} 45. Kf3 {[%clk 0:02:47]} 1/2-1/2

[Event "Russian Championship (Rapid, Men)"]
[Site "Sochi"]
[Date "2018.10.06"]
[Round "6.14"]
[White "Lugovskoy, Maxim"]
[Black "Sjugirov, Sanan"]
[Result "0-1"]
[BlackElo "2735"]
[WhiteElo "2476"]
[LiveChessVersion "1.4.8"]

1. e4 {[%clk 0:09:50]} c5 {[%clk 0:15:15]} 2. c3 {[%clk 0:09:53]} d6
{[%clk 0:14:12]} 3. d4 {[%clk 0:10:00]} Nf6 {[%clk 0:14:20]} 4. dxc5
{[%clk 0:09:44]} Nc6 {[%clk 0:14:26]} 5. cxd6 {[%clk 0:09:38]} Nxe4
{[%clk 0:14:31]} 6. Nf3 {[%clk 0:08:50]} Nxd6 {[%clk 0:10:57]} 7. Be2
{[%clk 0:08:02]} e5 {[%clk 0:10:04]} 8. Na3 {[%clk 0:07:56]} Be7 {[%clk 0:09:32]}
9. Nc4 {[%clk 0:07:52]} f6 {[%clk 0:08:10]} 10. O-O {[%clk 0:07:39]} Be6
{[%clk 0:08:12]} 11. Qa4 {[%clk 0:07:12]} O-O {[%clk 0:06:09]} 12. Nxd6
{[%clk 0:07:08]} Bxd6 {[%clk 0:06:04]} 13. Bc4 {[%clk 0:07:04]} Bxc4
{[%clk 0:05:45]} 14. Qxc4+ {[%clk 0:07:12]} Kh8 {[%clk 0:05:54]} 15. Be3
{[%clk 0:07:08]} Qe7 {[%clk 0:05:58]} 16. Rad1 {[%clk 0:06:05]} Rad8
{[%clk 0:05:13]} 17. Rd5 {[%clk 0:04:48]} Qe6 {[%clk 0:04:24]} 18. Nd2
{[%clk 0:02:52]} f5 {[%clk 0:03:32]} 19. Bc5 {[%clk 0:02:49]} b5 {[%clk 0:02:25]}
20. Rxd6 {[%clk 0:00:58]} Qxd6 {[%clk 0:02:32]} 21. Qxb5 {[%clk 0:00:58]} Qd5
{[%clk 0:00:21]} 22. c4 {[%clk 0:01:08]} Qxd2 {[%clk 0:00:29]} 23. Bxf8
{[%clk 0:01:16]} Nd4 {[%clk 0:00:34]} 24. Qb4 {[%clk 0:01:20]} Qg5
{[%clk 0:00:12]} 25. Qe7 {[%clk 0:00:44]} Qxe7 {[%clk 0:00:13]} 26. Bxe7
{[%clk 0:00:53]} Ne2+ {[%clk 0:00:22]} 27. Kh1 {[%clk 0:01:02]} Rd2
{[%clk 0:00:31]} 28. Ba3 {[%clk 0:00:15]} Kg8 {[%clk 0:00:27]} 29. h3
{[%clk 0:00:24]} Rc2 {[%clk 0:00:32]} 30. Re1 {[%clk 0:00:12]} e4
{[%clk 0:00:35]} 31. c5 {[%clk 0:00:15]} Nf4 {[%clk 0:00:42]} 32. Rd1
{[%clk 0:00:11]} Nd3 {[%clk 0:00:50]} 33. Kg1 {[%clk 0:00:18]} Kf7
{[%clk 0:00:55]} 34. f3 {[%clk 0:00:20]} Ke6 {[%clk 0:00:56]} 35. fxe4
{[%clk 0:00:29]} fxe4 {[%clk 0:01:06]} 36. Rf1 {[%clk 0:00:17]} e3
{[%clk 0:00:49]} 37. Rf3 {[%clk 0:00:11]} e2 {[%clk 0:00:52]} 38. Re3+
{[%clk 0:00:15]} Kf5 {[%clk 0:00:51]} 39. c6 {[%clk 0:00:14]} e1=Q+
{[%clk 0:00:50]} 40. Rxe1 {[%clk 0:00:23]} Nxe1 {[%clk 0:00:59]} 41. Bb4
{[%clk 0:00:32]} Nd3 {[%clk 0:00:47]} 42. Bc3 {[%clk 0:00:41]} 0-1

[Event "Russian Championship (Rapid, Men)"]
[Site "Sochi"]
[Date "2018.10.06"]
[Round "6.15"]
[White "Gordievsky, Dmitry"]
[Black "Rakhmanov, Aleksandr"]
[Result "1/2-1/2"]
[BlackElo "2688"]
[WhiteElo "2498"]
[LiveChessVersion "1.4.8"]

1. Nf3 {[%clk 0:15:15]} Nf6 {[%clk 0:15:18]} 2. c4 {[%clk 0:15:16]} b6
{[%clk 0:15:26]} 3. g3 {[%clk 0:14:58]} Bb7 {[%clk 0:15:32]} 4. Bg2
{[%clk 0:15:06]} g6 {[%clk 0:15:37]} 5. d4 {[%clk 0:15:03]} e6 {[%clk 0:15:45]}
6. Qc2 {[%clk 0:14:20]} Be4 {[%clk 0:15:49]} 7. Qa4 {[%clk 0:14:08]} Bc6
{[%clk 0:15:19]} 8. Qb3 {[%clk 0:13:58]} Bg7 {[%clk 0:14:48]} 9. Nc3
{[%clk 0:13:17]} O-O {[%clk 0:14:34]} 10. d5 {[%clk 0:12:26]} exd5
{[%clk 0:14:36]} 11. cxd5 {[%clk 0:12:34]} Bb7 {[%clk 0:14:44]} 12. O-O
{[%clk 0:12:36]} Na6 {[%clk 0:14:33]} 13. Rd1 {[%clk 0:12:34]} Nc5
{[%clk 0:14:26]} 14. Qc2 {[%clk 0:12:42]} Re8 {[%clk 0:14:24]} 15. Nd4
{[%clk 0:12:51]} a5 {[%clk 0:12:23]} 16. Ndb5 {[%clk 0:12:52]} d6
{[%clk 0:12:21]} 17. Rb1 {[%clk 0:10:42]} Qd7 {[%clk 0:11:21]} 18. Nd4
{[%clk 0:10:13]} Qe7 {[%clk 0:08:36]} 19. b3 {[%clk 0:08:54]} Nce4
{[%clk 0:07:37]} 20. Nxe4 {[%clk 0:06:33]} Nxe4 {[%clk 0:07:43]} 21. f3
{[%clk 0:05:38]} Nc5 {[%clk 0:05:11]} 22. e4 {[%clk 0:05:46]} Rac8
{[%clk 0:03:24]} 23. Bb2 {[%clk 0:04:49]} c6 {[%clk 0:03:28]} 24. dxc6
{[%clk 0:04:46]} Bxc6 {[%clk 0:03:36]} 25. Nxc6 {[%clk 0:03:20]} Rxc6
{[%clk 0:03:45]} 26. Bxg7 {[%clk 0:03:26]} Kxg7 {[%clk 0:03:49]} 27. Bf1
{[%clk 0:03:12]} Rc7 {[%clk 0:03:22]} 28. Qd2 {[%clk 0:03:19]} Rd8
{[%clk 0:03:04]} 29. Bc4 {[%clk 0:03:22]} Qf6 {[%clk 0:02:55]} 30. Qd4
{[%clk 0:03:17]} Qxd4+ {[%clk 0:00:26]} 31. Rxd4 {[%clk 0:03:26]} Ne6
{[%clk 0:00:35]} 32. Rd5 {[%clk 0:03:28]} Rc5 {[%clk 0:00:39]} 33. Rbd1
{[%clk 0:02:46]} Rxd5 {[%clk 0:00:46]} 34. Bxd5 {[%clk 0:02:55]} Kf6
{[%clk 0:00:41]} 35. Rc1 {[%clk 0:03:01]} Nc5 {[%clk 0:00:47]} 36. Kf1
{[%clk 0:02:27]} Rd7 {[%clk 0:00:51]} 37. Ke2 {[%clk 0:02:29]} Rc7
{[%clk 0:01:01]} 38. a3 {[%clk 0:02:26]} Ne6 {[%clk 0:00:58]} 39. Rxc7
{[%clk 0:02:33]} Nxc7 {[%clk 0:01:07]} 40. Bc6 {[%clk 0:02:39]} g5
{[%clk 0:00:37]} 41. Ke3 {[%clk 0:01:56]} Ke5 {[%clk 0:00:33]} 42. f4+
{[%clk 0:01:54]} gxf4+ {[%clk 0:00:41]} 43. gxf4+ {[%clk 0:02:03]} Kf6
{[%clk 0:00:45]} 44. Kd4 {[%clk 0:01:44]} Ke7 {[%clk 0:00:40]} 45. b4
{[%clk 0:01:21]} axb4 {[%clk 0:00:49]} 46. axb4 {[%clk 0:01:30]} Ne6+
{[%clk 0:00:54]} 47. Ke3 {[%clk 0:01:36]} Kf6 {[%clk 0:00:57]} 48. Bd5
{[%clk 0:01:23]} h6 {[%clk 0:00:43]} 49. Bxe6 {[%clk 0:00:39]} fxe6
{[%clk 0:00:52]} 50. Kd4 {[%clk 0:00:46]} h5 {[%clk 0:00:43]} 51. h4
{[%clk 0:00:50]} Kg6 {[%clk 0:00:26]} 52. Kc4 {[%clk 0:00:54]} Kf6
{[%clk 0:00:35]} 53. Kd4 {[%clk 0:00:42]} Kg6 {[%clk 0:00:44]} 54. Kc4
{[%clk 0:00:42]} Kf6 {[%clk 0:00:53]} 1/2-1/2

[Event "Russian Championship (Rapid, Men)"]
[Site "Sochi"]
[Date "2018.10.06"]
[Round "6.16"]
[White "Matlakov, Maxim"]
[Black "Pogromsky, Mikhail"]
[Result "1-0"]
[BlackElo "2462"]
[WhiteElo "2678"]
[LiveChessVersion "1.4.8"]

1. e4 {[%clk 0:15:16]} c5 {[%clk 0:14:55]} 2. Nf3 {[%clk 0:15:24]} a6
{[%clk 0:15:03]} 3. g3 {[%clk 0:15:13]} g6 {[%clk 0:14:22]} 4. Bg2
{[%clk 0:15:13]} Bg7 {[%clk 0:14:30]} 5. O-O {[%clk 0:15:19]} Nc6
{[%clk 0:14:34]} 6. c3 {[%clk 0:15:12]} Nf6 {[%clk 0:14:27]} 7. Qe2
{[%clk 0:14:30]} O-O {[%clk 0:14:15]} 8. d4 {[%clk 0:14:38]} cxd4
{[%clk 0:14:12]} 9. cxd4 {[%clk 0:14:47]} d5 {[%clk 0:14:19]} 10. e5
{[%clk 0:14:52]} Ne4 {[%clk 0:14:17]} 11. Be3 {[%clk 0:13:23]} Bd7
{[%clk 0:12:58]} 12. Rd1 {[%clk 0:10:43]} Rc8 {[%clk 0:11:36]} 13. Ne1
{[%clk 0:10:13]} Nb4 {[%clk 0:11:02]} 14. a4 {[%clk 0:09:36]} f6 {[%clk 0:08:02]}
15. f3 {[%clk 0:09:40]} Ng5 {[%clk 0:08:11]} 16. Nc3 {[%clk 0:09:32]} Nf7
{[%clk 0:07:53]} 17. f4 {[%clk 0:09:25]} fxe5 {[%clk 0:07:48]} 18. dxe5
{[%clk 0:07:04]} e6 {[%clk 0:07:50]} 19. a5 {[%clk 0:06:02]} g5 {[%clk 0:06:31]}
20. Nf3 {[%clk 0:04:49]} gxf4 {[%clk 0:06:27]} 21. gxf4 {[%clk 0:03:40]} Nh6
{[%clk 0:05:44]} 22. Bh3 {[%clk 0:03:32]} Nf5 {[%clk 0:04:48]} 23. Bxf5
{[%clk 0:03:40]} Rxf5 {[%clk 0:04:55]} 24. Nd4 {[%clk 0:03:37]} Rf8
{[%clk 0:05:02]} 25. Kh1 {[%clk 0:03:43]} Nc6 {[%clk 0:04:57]} 26. Nf3
{[%clk 0:03:19]} d4 {[%clk 0:04:46]} 27. Nxd4 {[%clk 0:02:57]} Nxd4
{[%clk 0:04:54]} 28. Rxd4 {[%clk 0:03:05]} Bc6+ {[%clk 0:05:02]} 29. Kg1
{[%clk 0:03:14]} Qe7 {[%clk 0:04:20]} 30. Ne4 {[%clk 0:03:11]} Bxe4
{[%clk 0:03:25]} 31. Rxe4 {[%clk 0:03:20]} Rfd8 {[%clk 0:03:21]} 32. Kh1
{[%clk 0:02:32]} Qe8 {[%clk 0:02:42]} 33. Rg1 {[%clk 0:02:21]} Qc6
{[%clk 0:02:40]} 34. Qg2 {[%clk 0:02:28]} Rd7 {[%clk 0:02:44]} 35. Bd4
{[%clk 0:01:49]} Rf8 {[%clk 0:02:39]} 36. Bc3 {[%clk 0:01:43]} Rf5
{[%clk 0:02:15]} 37. Rb4 {[%clk 0:01:45]} Qxg2+ {[%clk 0:02:16]} 38. Kxg2
{[%clk 0:01:53]} Kf7 {[%clk 0:02:21]} 39. Kf3 {[%clk 0:01:51]} Rh5
{[%clk 0:02:04]} 40. Rg2 {[%clk 0:02:00]} Bf8 {[%clk 0:02:04]} 41. Rc4
{[%clk 0:02:00]} Rh3+ {[%clk 0:02:07]} 42. Ke2 {[%clk 0:02:02]} Bh6
{[%clk 0:01:42]} 43. Bb4 {[%clk 0:01:43]} Bf8 {[%clk 0:00:40]} 44. Bd2
{[%clk 0:01:22]} Rhd3 {[%clk 0:00:30]} 45. Bc3 {[%clk 0:01:19]} Rh3
{[%clk 0:00:35]} 46. Re4 {[%clk 0:01:22]} Rh5 {[%clk 0:00:28]} 47. Kf3
{[%clk 0:01:07]} Rd3+ {[%clk 0:00:33]} 48. Ke2 {[%clk 0:01:11]} Rd7
{[%clk 0:00:38]} 49. Rc4 {[%clk 0:01:19]} Rh3 {[%clk 0:00:43]} 50. Rf2
{[%clk 0:01:22]} Kg6 {[%clk 0:00:38]} 51. Rc8 {[%clk 0:01:09]} Bh6
{[%clk 0:00:46]} 52. Bd2 {[%clk 0:00:49]} Kf5 {[%clk 0:00:44]} 53. Be3
{[%clk 0:00:56]} Ke4 {[%clk 0:00:47]} 54. Rc4+ {[%clk 0:01:02]} Kf5
{[%clk 0:00:56]} 55. Rg2 {[%clk 0:01:05]} Rg7 {[%clk 0:00:27]} 56. Rxg7
{[%clk 0:01:00]} Bxg7 {[%clk 0:00:30]} 57. Rc7 {[%clk 0:01:08]} Ke4
{[%clk 0:00:26]} 58. Rc4+ {[%clk 0:01:10]} Kf5 {[%clk 0:00:35]} 59. Rb4
{[%clk 0:01:13]} Rxh2+ {[%clk 0:00:34]} 60. Kd3 {[%clk 0:01:22]} Bh6
{[%clk 0:00:12]} 61. Rxb7 {[%clk 0:01:29]} Kg6 {[%clk 0:00:19]} 62. Re7
{[%clk 0:01:20]} Kf5 {[%clk 0:00:14]} 63. Rf7+ {[%clk 0:01:25]} Kg4
{[%clk 0:00:22]} 64. Rxh7 {[%clk 0:01:26]} Rh3 {[%clk 0:00:19]} 65. b4
{[%clk 0:01:22]} Kf3 {[%clk 0:00:11]} 66. f5 {[%clk 0:01:24]} 1-0